000 00702nam a2200253 i 4500
001 C2-0292477
003 PPAK
005 20180728024509.0
008 090106s2008 ilu |||| ||||| | eng d
020 _a9780252075094
040 _aPPAK
_beng
_cPPAK
_erda
082 0 4 _a782.42162
_223
090 0 0 _a782.42162
_bHAW
_dLCK
090 0 0 _a782.42162
_bHAW
_dRLCK
100 1 _aHawes, Bess Lomax,
_eauthor
245 1 0 _aSing it pretty
264 1 _aUrbana, Illinois :
_bUniversity of Illinois Press ,
_c2008
300 _a182 pages ;
_c23 cm
336 _2rdacontent
_atext
337 _2rdamedia
_aunmediated
338 _2rdacarrier
_avolume
650 1 0 _aHawes, Bess Lomax, 1921 -
942 _ddc
_cB
999 _c97344
_d97344